000 00741nam a2200229 a 4500
001 000004539
005 20200929151446.0
008 900618s1993 ag 000 1 spa
020 _a9501512819
040 _aDO-SdBNP
_bspa
_cBNPHU
082 _a839.81374
_bD251c
100 1 _aDavidsen, Leif,
_d1950-
_913257
240 1 0 _aThe Russian singer
_lespañol.
245 1 4 _aLa cantante rusa /
_cLeif Davidsen ; traducción, Clotilde Rezzano de Martínez.
260 _aBuenos Aires :
_bJavier Vergara,
_c1993.
300 _a287 p. ;
_c22 cm.
490 1 _aNovela de intriga
650 4 _aNovela danesa
_913258
650 4 _aLiteratura danesa
_913259
700 1 _aMartínez, Clotilde Rezzano,
_etr.
_913260
830 0 _aNovela de intriga.
_910735
999 _c4348
_d4348